Integrovaná marketingová komunikácia na príklade vybraného maloobchodu

Alternatíva uplatňovania jednotlivých komunikačných nástrojov v rámci integrovanej marketingovej komunikácie na príklade vybranej maloobchodnej spoločnosti COOP Jednota, s. d. Slovensko. Vychádza sa pri tom zo znalosti výsledkov komunikačnej analýzy trhu, ktoré by mali predchádzať aplikovaniu integr...

Descripción completa

Guardado en:
Detalles Bibliográficos
Autor principal: Lieskovská, Vanda, 1961-
Otros Autores: Petrovčiková, Katarína, 1977-
Formato: Capítulo de libro
Lenguaje:eslovaco
Materias:
Etiquetas: Agregar Etiqueta
Sin Etiquetas, Sea el primero en etiquetar este registro!

MARC

LEADER 00000naa a2200000 4500
001 0246797
005 20240502073947.3
041 0 |a slo 
044 |a SK 
245 1 0 |a Integrovaná marketingová komunikácia na príklade vybraného maloobchodu  |c Vanda Lieskovská, Katarína Petrovčíková 
520 |a Alternatíva uplatňovania jednotlivých komunikačných nástrojov v rámci integrovanej marketingovej komunikácie na príklade vybranej maloobchodnej spoločnosti COOP Jednota, s. d. Slovensko. Vychádza sa pri tom zo znalosti výsledkov komunikačnej analýzy trhu, ktoré by mali predchádzať aplikovaniu integrovanej marketingovej komunikácie. Cieľom marketingovej komunikácie spoločnosti COOP Jednota, s. d. Slovensko je nielen osloviť potenciálneho zákazníka, ale aj udržiavať s ním kontakt a registrovať prípadnú odozvu. Prezentácia vybraných komunikačných aktivít, ktoré sa stávajú prostriedkom interaktívneho dialógu medzi spoločnosťou a zákazníkom. 
610 2 0 |a komunikácia marketingová 
610 2 0 |a siete maloobchodné 
610 2 0 |a nástroje marketingové 
610 2 0 |a zákazníci 
610 2 0 |a stratégia marketingová 
100 1 |a Lieskovská, Vanda, 1961- 
700 1 |a Petrovčiková, Katarína, 1977-